000 00471nam a2200205Ia 4500
001 12316
003 GE_BSU
008 181216s||||||||xx |||||||||||||| ||und||
020 _a9780708843703
040 _cGE_BSU
080 _a821.111-32
100 _aCookson,Catherine
245 4 _aThe Devil and Mary Ann
260 _aLondon
260 _bFutura publications Limited
260 _c1989
300 _a223p.18cm.
653 _aThe Devil and Mary Ann
942 _cBK
999 _c45491
_d45491